Top 35 U.S. Cities for Food & Restaurants - Statistics

General Stats
  • This quiz has been taken 4,800 times
  • The average score is 25 of 35
Answer Stats
Rank City % Correct
4 New York, NY
99%
12 Los Angeles, CA
94%
5 Chicago, IL
93%
28 Miami, FL
92%
2 San Francisco, CA
90%
23 Boston, MA
89%
32 Dallas / Ft. Worth, TX
89%
7 Seattle, WA
88%
24 Houston, TX
87%
1 New Orleans, LA
84%
14 San Diego, CA
83%
27 Atlanta, GA
81%
22 Philadelphia, PA
80%
34 Las Vegas, NV
78%
26 Phoenix / Scottsdale, AZ
77%
29 Portland, ME
77%
6 Portland, OR
77%
18 Washington, DC
77%
13 Denver, CO
76%
15 Austin, TX
74%
16 Nashville, TN
69%
33 Orlando, FL
68%
10 San Antonio, TX
67%
19 Minneapolis / St. Paul, MN
65%
30 Baltimore, MD
64%
31 Memphis, TN
64%
11 Honolulu, HI
62%
17 Kansas City, MO
61%
25 Salt Lake City, UT
47%
9 Charleston, SC
42%
35 Anchorage, AK
37%
3 Providence, RI
33%
20 San Juan, Puerto Rico
33%
8 Savannah, GA
29%
21 Santa Fe, NM
26%
No matching quizzes found
Score Distribution
Percent of People with Each Score
Percentile by Number Answered
Your Score History
You have not taken this quiz